Every NFL First Team All-Pro Player From 2013-2022 - Statistics

General Stats
  • This quiz has been taken 550 times
  • The average score is 195 of 281
Answer Stats
Year Team Position Answer % Correct
2022 Chiefs QB Patrick Mahomes
100%
2018 Chiefs QB Patrick Mahomes
100%
2022 Raiders WR Davante Adams
99%
2021 Packers WR Davante Adams
99%
2020 Packers WR Davante Adams
99%
2022 Eagles C Jason Kelce
99%
2021 Eagles C Jason Kelce
99%
2019 Eagles C Jason Kelce
99%
2018 Eagles C Jason Kelce
99%
2017 Eagles C Jason Kelce
99%
2022 Chiefs TE Travis Kelce
99%
2020 Chiefs TE Travis Kelce
99%
2018 Chiefs TE Travis Kelce
99%
2016 Chiefs TE Travis Kelce
99%
2022 Dolphins WR Tyreek Hill
99%
2020 Chiefs WR Tyreek Hill
99%
2018 Chiefs Flex Tyreek Hill
99%
2016 Chiefs PR Tyreek Hill
99%
2019 Jets S Jamal Adams
98%
2022 Vikings WR Justin Jefferson
98%
2021 Packers QB Aaron Rodgers
97%
2020 Packers QB Aaron Rodgers
97%
2014 Packers QB Aaron Rodgers
97%
2013 Lions WR Calvin Johnson
96%
2022 Chiefs Interior Lineman Chris Jones
96%
2016 Cardinals Flex David Johnson
96%
2016 Falcons WR Julio Jones
96%
2015 Falcons WR Julio Jones
96%
2022 Eagles T Lane Johnson
96%
2017 Eagles T Lane Johnson
96%
2022 49ers T Trent Williams
96%
2021 49ers T Trent Williams
96%
2014 Bengals KR Adam Jones
95%
2019 Cardinals Edge Chandler Jones
95%
2017 Cardinals LB Chandler Jones
95%
2018 Texans Edge J.J. Watt
95%
2015 Texans Edge J.J. Watt
95%
2014 Texans Edge J.J. Watt
95%
2013 Texans Edge J.J. Watt
95%
2022 Raiders RB Josh Jacobs
95%
2022 Patriots PR Marcus Jones
95%
2014 Bills Edge Mario Williams
95%
2022 Jets Interior Lineman Quinnen Williams
95%
2021 Steelers Edge T.J. Watt
95%
2020 Steelers Edge T.J. Watt
95%
2019 Steelers Edge T.J. Watt
95%
2021 Rams WR Cooper Kupp
94%
2021 Colts RB Jonathan Taylor
94%
2019 Ravens QB Lamar Jackson
94%
2022 Cowboys Edge Micah Parsons
94%
2021 Cowboys LB Micah Parsons
94%
2022 49ers Edge Nick Bosa
94%
2020 Bills WR Stefon Diggs
94%
2021 Cowboys CB Trevon Diggs
94%
2017 Steelers WR Antonio Brown
93%
2016 Steelers WR Antonio Brown
93%
2015 Steelers WR Antonio Brown
93%
2014 Steelers WR Antonio Brown
93%
2018 Bears S Eddie Jackson
93%
2017 Vikings S Harrison Smith
93%
2021 Ravens TE Mark Andrews
93%
2022 Ravens LB Roquan Smith
93%
2017 Patriots QB Tom Brady
93%
2016 Cowboys T Tyron Smith
93%
2014 Cowboys T Tyron Smith
93%
2021 Rams Interior Lineman Aaron Donald
92%
2020 Rams Interior Lineman Aaron Donald
92%
2019 Rams Interior Lineman Aaron Donald
92%
2018 Rams Interior Lineman Aaron Donald
92%
2017 Rams Interior Lineman Aaron Donald
92%
2016 Rams Interior Lineman Aaron Donald
92%
2015 Rams Interior Lineman Aaron Donald
92%
2021 49ers WR Deebo Samuel
92%
2017 Patriots TE Rob Gronkowski
92%
2015 Patriots TE Rob Gronkowski
92%
2014 Patriots TE Rob Gronkowski
92%
2020 Titans RB Derrick Henry
91%
2014 Seahawks S Earl Thomas
91%
2013 Seahawks S Earl Thomas
91%
2019 49ers TE George Kittle
91%
2015 Browns T Joe Thomas
91%
2014 Browns T Joe Thomas
91%
2013 Browns T Joe Thomas
91%
2021 Ravens K Justin Tucker
91%
2019 Ravens K Justin Tucker
91%
2018 Ravens K Justin Tucker
91%
2016 Ravens K Justin Tucker
91%
2013 Ravens K Justin Tucker
91%
2019 Saints WR Michael Thomas
91%
2018 Saints WR Michael Thomas
91%
2021 Browns Edge Myles Garrett
91%
2020 Browns Edge Myles Garrett
91%
2013 Broncos QB Peyton Manning
91%
2019 Texans WR DeAndre Hopkins
90%
2018 Texans WR DeAndre Hopkins
90%
2017 Texans WR DeAndre Hopkins
90%
2022 Cowboys G Zack Martin
90%
2021 Cowboys G Zack Martin
90%
2019 Cowboys G Zack Martin
90%
2018 Cowboys G Zack Martin
90%
2016 Cowboys G Zack Martin
90%
2014 Cowboys G Zack Martin
90%
2019 Panthers RB Christian McCaffrey
89%
2019 Panthers Flex Christian McCaffrey
89%
2015 Buccaneers RB Doug Martin
89%
2016 Falcons QB Matt Ryan
89%
2022 Jets CB Sauce Gardner
89%
2015 Panthers QB Cam Newton
88%
2016 Cowboys RB Ezekiel Elliott
88%
2022 49ers LB Fred Warner
88%
2020 49ers LB Fred Warner
88%
2021 Rams CB Jalen Ramsey
88%
2020 Rams CB Jalen Ramsey
88%
2017 Jaguars CB Jalen Ramsey
88%
2013 Eagles T Jason Peters
87%
2019 Ravens DB Marcus Peters
87%
2016 Chiefs CB Marcus Peters
87%
2022 Steelers S Minkah Fitzpatrick
87%
2020 Steelers S Minkah Fitzpatrick
87%
2019 Steelers S Minkah Fitzpatrick
87%
2018 Rams RB Todd Gurley
87%
2017 Rams RB Todd Gurley
87%
2015 Vikings RB Adrian Peterson
86%
2020 Seahawks LB Bobby Wagner
86%
2019 Seahawks LB Bobby Wagner
86%
2018 Seahawks LB Bobby Wagner
86%
2017 Seahawks LB Bobby Wagner
86%
2016 Seahawks LB Bobby Wagner
86%
2014 Seahawks LB Bobby Wagner
86%
2015 Cardinals CB Patrick Peterson
86%
2013 Cardinals CB Patrick Peterson
86%
2022 Broncos CB Patrick Surtain II
85%
2017 Steelers Flex Le'Veon Bell
83%
2014 Steelers RB Le'Veon Bell
83%
2018 Panthers LB Luke Kuechly
82%
2017 Panthers LB Luke Kuechly
82%
2015 Panthers LB Luke Kuechly
82%
2014 Panthers LB Luke Kuechly
82%
2013 Panthers LB Luke Kuechly
82%
2020 Colts G Quenton Nelson
80%
2019 Colts G Quenton Nelson
80%
2018 Colts G Quenton Nelson
80%
2019 Patriots CB Stephon Gilmore
79%
2018 Patriots CB Stephon Gilmore
79%
2021 Steelers Interior Lineman Cameron Heyward
77%
2019 Steelers Interior Lineman Cameron Heyward
77%
2017 Steelers Interior Lineman Cameron Heyward
77%
2013 Saints TE Jimmy Graham
77%
2018 Bears Edge Khalil Mack
77%
2016 Raiders Edge Khalil Mack
77%
2015 Raiders Edge Khalil Mack
77%
2015 Raiders LB Khalil Mack
77%
2014 Seahawks CB Richard Sherman
76%
2013 Seahawks CB Richard Sherman
76%
2019 Bills CB Tre'Davious White
76%
2021 Buccaneers T Tristan Wirfs
76%
2013 Buccaneers Interior Lineman Gerald McCoy
75%
2013 Eagles RB LeSean McCoy
75%
2016 Broncos LB Von Miller
75%
2015 Broncos LB Von Miller
75%
2014 Cowboys RB DeMarco Murray
73%
2014 Cowboys WR Dez Bryant
73%
2013 Chiefs RB Jamaal Charles
73%
2020 Cardinals S Budda Baker
72%
2017 Cardinals ST Budda Baker
72%
2020 Chiefs S Tyrann Mathieu
72%
2019 Chiefs DB Tyrann Mathieu
72%
2015 Cardinals S Tyrann Mathieu
72%
2019 Saints LB Demario Davis
71%
2018 Chargers S Derwin James
71%
2015 Panthers LB Thomas Davis
71%
2022 Bills LB Matt Milano
69%
2018 Eagles Interior Lineman Fletcher Cox
67%
2020 Ravens LS Morgan Cox
67%
2021 Colts LB Shaquille Leonard
67%
2020 Colts LB Shaquille Leonard
67%
2018 Colts LB Shaquille Leonard
67%
2017 Saints Edge Cameron Jordan
66%
2020 Packers T David Bakhtiari
66%
2018 Packers T David Bakhtiari
66%
2021 Bills S Jordan Poyer
66%
2013 Browns WR Josh Gordon
66%
2021 Titans S Kevin Byard
65%
2017 Titans S Kevin Byard
65%
2020 Dolphins CB Xavien Howard
65%
2020 Colts Interior Lineman DeForest Buckner
62%
2016 Chiefs S Eric Berry
59%
2015 Chiefs S Eric Berry
59%
2013 Chiefs S Eric Berry
59%
2019 Ravens DB Marlon Humphrey
59%
2017 Jaguars Edge Calais Campbell
58%
2021 Packers LB De'Vondre Campbell
58%
2014 Lions Interior Lineman Ndamukong Suh
58%
2013 Lions Interior Lineman Ndamukong Suh
58%
2014 Colts K Adam Vinatieri
57%
2022 Browns G Joel Bitonio
57%
2021 Browns G Joel Bitonio
57%
2016 Broncos DB Chris Harris Jr.
56%
2019 Saints PR Deonte Harris
56%
2022 Raiders K Daniel Carlson
55%
2017 Rams T Andrew Whitworth
54%
2015 Bengals T Andrew Whitworth
54%
2015 Panthers CB Josh Norman
53%
2014 Steelers C Maurkice Pouncey
52%
2022 49ers S Talanoa Hufanga
52%
2020 Bears KR Cordarrelle Patterson
50%
2019 Bears KR Cordarrelle Patterson
50%
2016 Vikings KR Cordarrelle Patterson
50%
2013 Vikings KR Cordarrelle Patterson
50%
2016 Broncos CB Aqib Talib
49%
2020 Dolphins K Jason Sanders
47%
2015 Patriots K Stephen Gostkowski
47%
2014 Patriots CB Darrelle Revis
46%
2019 Vikings LB Eric Kendricks
46%
2017 Rams P Johnny Hekker
46%
2016 Rams P Johnny Hekker
46%
2015 Rams P Johnny Hekker
46%
2013 Rams P Johnny Hekker
46%
2015 49ers LB NaVorro Bowman
45%
2013 49ers LB NaVorro Bowman
45%
2015 Bengals Interior Lineman Geno Atkins
44%
2013 Buccaneers LB Lavonte David
44%
2017 Lions DB Darius Slay
43%
2015 Ravens G Marshal Yanda
43%
2014 Ravens G Marshal Yanda
43%
2014 Chargers S Eric Weddle
41%
2017 Vikings CB Xavier Rhodes
40%
2021 Colts LS Luke Rhodes
39%
2019 Patriots ST Matthew Slater
39%
2016 Patriots ST Matthew Slater
39%
2016 Cowboys LB Sean Lee
39%
2016 Cowboys C Travis Frederick
38%
2022 Chiefs P Tommy Townsend
37%
2018 Bears CB Kyle Fuller
36%
2020 Football Team G Brandon Scherff
35%
2019 Ravens T Ronnie Stanley
34%
2019 Saints T Ryan Ramczyk
34%
2016 Falcons Edge Vic Beasley Jr.
34%
2016 Giants S Landon Collins
32%
2017 Steelers G David DeCastro
31%
2015 Steelers G David DeCastro
31%
2014 Packers FB John Kuhn
31%
2014 Colts P Pat McAfee
31%
2020 Patriots P Jake Bailey
29%
2015 Panthers FB Mike Tolbert
29%
2013 Panthers FB Mike Tolbert
29%
2020 Packers C Corey Linsley
28%
2017 Rams K Greg Zuerlein
28%
2020 Browns T Jack Conklin
27%
2016 Titans T Jack Conklin
27%
2014 Chiefs LB Justin Houston
27%
2013 Rams Edge Robert Quinn
26%
2021 Raiders P A.J. Cole
25%
2016 Giants Interior Lineman Damon Harrison
24%
2018 Chiefs T Mitchell Schwartz
24%
2017 Rams KR Pharoh Cooper
24%
2021 Ravens PR Devin Duvernay
23%
2013 Eagles G Evan Mathis
23%
2022 Packers KR Keisean Nixon
23%
2013 Colts LB Robert Mathis
23%
2015 Panthers C Ryan Kalil
23%
2013 Panthers C Ryan Kalil
23%
2018 Chargers DB Desmond King
21%
2015 Seahawks KR Tyler Lockett
20%
2021 Jets KR Braxton Berrios
17%
2018 Bears PR Tarik Cohen
17%
2014 Bills Interior Lineman Marcell Dareus
13%
2018 Seahawks P Michael Dickson
12%
2019 Titans P Brett Kern
10%
2014 Ravens LB Elvis Dumervil
10%
2016 Raiders G Kelechi Osemele
9%
2017 Panthers G Andrew Norwell
8%
2022 Commanders ST Jeremy Reaves
8%
2017 Lions PR Jamal Agnew
7%
2020 Patriots PR Gunner Olszewski
6%
2018 Chargers ST Adrian Phillips
5%
2018 Jets KR Andre Roberts
5%
2013 Broncos G Louis Vasquez
5%
2022 Vikings LS Andrew DePaola
4%
2021 Saints ST J.T. Gray
4%
2020 Colts ST George Odum
1%
No matching quizzes found
Score Distribution
Percent of People with Each Score
Percentile by Number Answered
Your Score History
You have not taken this quiz